Vector mechanics for engineers Statics / (رقم التسجيلة. 29110)
[ عرض عادي ]
| 000 -الفاتح | |
|---|---|
| حقل البيانات ثابتة الطول | 00989pam a2200301 a 4500 |
| 001 - رقم الضبط | |
| رقم الضبط | 4313475 |
| 003 - محدد رقم الضبط | |
| رقم الضبط | OSt |
| 005 - وقت وتاريخ اخر تعامل مع التسجيلة | |
| رقم الضبط | 20150408114127.0 |
| 008 - عناصر البيانات ثابتة الطول - معلومات عامة | |
| حقل البيانات ثابتة الطول | 870622m19889999nyua 001 0 eng |
| 010 ## - رقم ضبط مكتبة الكونجرس | |
| رقم ضبط مكتبة الكونجرس | 87018633 |
| 020 ## - الرقم الدولى المعيارى للكتب | |
| الرقم الدولى المعيارى للكتاب | 9781259007927 |
| 040 ## - مصدر الفهرسة | |
| وكالة الفهرسة الأصلية | Mu-au |
| وكالة النسخ | DLC |
| وكالة التعديل | DLC |
| 050 00 - رقم طلب مكتبة الكونجرس | |
| رقم التصنيف | TA350 |
| رقم المادة | .B3552 1988 |
| 082 00 - رقم تصنيف ديوى العشرى | |
| رقم التصنيف | 620.1 |
| رقم الطبعة | 19 |
| 100 1# - المدخل الرئيسى - إسم شخصى | |
| الإسم الشخصى | Beer, Ferdinand Pierre, |
| التواريخ المصاحبة للاسم | 1915- |
| 9 (RLIN) | 34418 |
| 245 10 - بيان العنوان | |
| العنوان | Vector mechanics for engineers Statics / |
| بيان المسئوليه,etc | ,ferdinand P. Beer, E. Russell Johnston, J, David F. Mazurek |
| 250 ## - بيان الطبعة | |
| بيان الطبعة | 10th ed. |
| 260 ## - PUBLICATION, DISTRIBUTION, ETC. (IMPRINT) | |
| مكان الناشر او الموزع | New York : |
| اسم الناشر او الموزع | McGraw-Hill, |
| تاريخ النشر أو التوزيع | c2010- |
| 300 ## - الوصف المادى | |
| التعداد | 598 p. : |
| تفاصيل ماديه اخرى للوعاء | ill. (some col.) ; |
| أبعاد الوعاء | 24 cm. |
| 500 ## - تبصرة عامة | |
| تبصرة عامة | Includes index. |
| 505 1# - تبصرة محتويات-الفهرس | |
| تبصرة المحتويات المصاغة | [1] Statics |
| 650 #0 - المدخل الاضافى بالموضوع-مصطلح موضوعى | |
| مصطلح موضوعي أو اسم جغرافي كعنصر مدخل | Mechanics, Applied. |
| 9 (RLIN) | 5685 |
| 650 #0 - المدخل الاضافى بالموضوع-مصطلح موضوعى | |
| مصطلح موضوعي أو اسم جغرافي كعنصر مدخل | Vector analysis. |
| 9 (RLIN) | 5928 |
| 650 #0 - المدخل الاضافى بالموضوع-مصطلح موضوعى | |
| مصطلح موضوعي أو اسم جغرافي كعنصر مدخل | Mechanics, Applied |
| التقسيم الفرعي العام | Problems, exercises, etc. |
| 9 (RLIN) | 34419 |
| 700 1# - المدخل الاضافى - اسم شخصى | |
| الإسم الشخصى | Johnston, E. Russell |
| الشكل الأكمل للاسم | (Elwood Russell), |
| التواريخ المصاحبة للاسم | 1925- |
| 9 (RLIN) | 34420 |
| 906 ## - عنصر بيانات محلى F, LDF (RLIN) | |
| a | 7 |
| b | cbc |
| c | orignew |
| d | 1 |
| e | ocip |
| f | 19 |
| g | y-gencatlg |
| 942 ## - عناصر المدخل الإضافي( كوها) | |
| مصدر التصنيف او مخطط الترفيف | Dewey Decimal Classification |
| Koha [default] item type | كتاب |
| حالة الفقد | نموذج السعر الفعال | حالة تلف | ليس للاعارة | رقم الطلب | رقم النسخة | تاريخ الاكتساب | الموقع الحالي | الباركود | الفرع الرئيسي | Date last seen | نوع المادة فى نظام كوها | مصدر التصنيف او خطة الترفيف | Total Checkouts | Date last checked out |
|---|---|---|---|---|---|---|---|---|---|---|---|---|---|---|
| 2013-03-14 | Not For Loan | 620.1 BFV | 1 | 2013-03-14 | المكتبة المركزية بالمجمعة (CL) | 00305355 | المكتبة المركزية بالمجمعة (CL) | 2013-03-14 | كتاب | Dewey Decimal Classification | ||||
| 2013-03-14 | 620.1 BFV | 2 | 2013-03-14 | المكتبة المركزية بالمجمعة (CL) | 00305354 | المكتبة المركزية بالمجمعة (CL) | 2013-03-14 | كتاب | Dewey Decimal Classification | |||||
| 2013-03-14 | 620.1 BFV | 3 | 2013-03-14 | المكتبة المركزية بالمجمعة (CL) | 00305353 | المكتبة المركزية بالمجمعة (CL) | 2021-03-30 | كتاب | Dewey Decimal Classification | 1 | 2020-01-21 | |||
| 2013-03-14 | Not For Loan | 620.1 BFV | 1 | 2013-03-14 | مكتبة كلية العلوم الطبية التطبيقية بالمجمعة - طالبات (AMF) | 00305352 | مكتبة كلية العلوم الطبية التطبيقية بالمجمعة - طالبات (AMF) | 2013-03-14 | كتاب | Dewey Decimal Classification | ||||
| 2013-03-14 | 620.1 BFV | 2 | 2013-03-14 | مكتبة كلية العلوم الطبية التطبيقية بالمجمعة - طالبات (AMF) | 00305351 | مكتبة كلية العلوم الطبية التطبيقية بالمجمعة - طالبات (AMF) | 2013-03-14 | كتاب | Dewey Decimal Classification | |||||
| 2013-03-14 | Not For Loan | 620.1 BFV | 1 | 2013-03-14 | مكتبة كلية العلوم و الدراسات الإنسانية برماح - طالبات (SRF) | 00305348 | مكتبة كلية العلوم و الدراسات الإنسانية برماح - طالبات (SRF) | 2013-03-14 | كتاب | Dewey Decimal Classification | ||||
| 2013-03-14 | 620.1 BFV | 2013-03-14 | مكتبة كلية العلوم و الدراسات الإنسانية برماح - طالبات (SRF) | 003053470 | مكتبة كلية العلوم و الدراسات الإنسانية برماح - طالبات (SRF) | 2013-03-14 | كتاب | Dewey Decimal Classification | ||||||
| 2013-03-14 | Not For Loan | 620.1 BFV | 1 | 2013-03-14 | مكتبة مجمع الكليات بالزلفى - طلاب (SZM) | 00305350 | مكتبة مجمع الكليات بالزلفى - طلاب (SZM) | 2013-03-14 | كتاب | Dewey Decimal Classification | ||||
| 2013-03-14 | 620.1 BFV | 2 | 2013-03-14 | مكتبة مجمع الكليات بالزلفى - طلاب (SZM) | 00305349 | مكتبة مجمع الكليات بالزلفى - طلاب (SZM) | 2013-03-14 | كتاب | Dewey Decimal Classification |
